[Event "Europa ch 2014"]
[Site "Yerevan ARM"]
[Date "2014.03.04"]
[Round "2.50"]
[White "Matlakov, Maxim"]
[Black "Ali Marandi, Cemil Can"]
[Result "1-0"]
[WhiteElo "2695"]
[BlackElo "2380"]
[PlyCount "120"]
[EventDate "2014.03.03"]
[EventType "swiss"]
[EventRounds "11"]
[EventCountry "ARM"]
[Source "lmi"]
[SourceDate "2014.03.02"]

1. Nf3 d5 2. g3 Bg4 3. Bg2 Nd7 4. c4 e6 5. Qb3 Nc5 6. Qc2 Nf6 7. d3 Be7 8. h3
Bxf3 9. Bxf3 c6 10. O-O O-O 11. Nd2 e5 12. Bg2 Re8 13. Nf3 Bd6 14. cxd5 Nxd5
15. Nxe5 Nb4 16. Qc4 Bxe5 17. Qxb4 Qb6 18. Qc4 Ne6 19. e3 Rad8 20. d4 Bf6 21.
Rb1 h5 22. b4 Nc7 23. a4 h4 24. g4 Nd5 25. b5 Qc7 26. bxc6 bxc6 27. Bd2 Qd6 28.
Rb7 Re6 29. Rxa7 Rb8 30. a5 Bd8 31. a6 Bc7 32. Rxc7 Nxc7 33. a7 Ra8 34. Bb4 Qd7
35. Bc5 Ree8 36. Rb1 Nd5 37. Qa6 Qe6 38. Qd3 g6 39. Rb7 Nf6 40. Qb1 Nd7 41. Qb4
Rec8 42. Bf1 Nxc5 43. Qxc5 Qd5 44. Bc4 Qxc5 45. Bxf7+ Kg7 46. dxc5 Kf6 47. f4
g5 48. Bb3 gxf4 49. exf4 Re8 50. Kf2 Rad8 51. g5+ Kf5 52. Rf7+ Ke4 53. Bc2+ Kd4
54. Kf3 Kxc5 55. g6 Rd2 56. Bf5 Ra2 57. g7 Rg8 58. Bh7 Ra3+ 59. Kg4 Rg3+ 60.
Kxh4 Kd5 1-0

[Event "Europa ch 2014"]
[Site "Yerevan ARM"]
[Date "2014.03.04"]
[Round "2.51"]
[White "Meribanov, Vitaly"]
[Black "Akopian, Vladimir"]
[Result "0-1"]
[WhiteElo "2410"]
[BlackElo "2682"]
[PlyCount "54"]
[EventDate "2014.03.03"]
[EventType "swiss"]
[EventRounds "11"]
[EventCountry "ARM"]
[Source "lmi"]
[SourceDate "2014.03.02"]

1. d4 Nf6 2. c4 d6 3. Nc3 Nbd7 4. g3 g6 5. Bg2 Bg7 6. Nf3 O-O 7. O-O e5 8. h3
exd4 9. Nxd4 Re8 10. b3 Nc5 11. Bb2 Bd7 12. b4 Nce4 13. Qc2 Ng5 14. h4 Nh3+ 15.
Kh1 Nh5 16. Nf3 Bg4 17. Kh2 N3f4 18. gxf4 Bxf3 19. Bxf3 Qxh4+ 20. Kg1 Nxf4 21.
Ne4 Bxb2 22. Qxb2 Rxe4 23. Bxe4 Qg4+ 24. Kh2 Qh3+ 25. Kg1 Re8 26. Bf3 Re5 27.
Qxe5 dxe5 0-1

[Event "Europa ch 2014"]
[Site "Yerevan ARM"]
[Date "2014.03.04"]
[Round "2.52"]
[White "Dastan, Muhammed Batuhan"]
[Black "Laznicka, Viktor"]
[Result "0-1"]
[WhiteElo "2416"]
[BlackElo "2681"]
[PlyCount "46"]
[EventDate "2014.03.03"]
[EventType "swiss"]
[EventRounds "11"]
[EventCountry "ARM"]
[Source "lmi"]
[SourceDate "2014.03.02"]

1. e4 d6 2. d4 Nf6 3. Nc3 Nbd7 4. f4 e5 5. Nf3 exd4 6. Qxd4 c6 7. Be3 d5 8.
exd5 Bc5 9. Qd3 Qe7 10. Nd4 Nb6 11. dxc6 bxc6 12. O-O-O Ba6 13. Qd2 Bxf1 14.
Bg1 Nc4 15. Qf2 Qb7 16. Na4 O-O-O 17. Qxf1 Qa6 18. Rd3 Qxa4 19. Rc3 Nd2 20. Qd3
Bxd4 21. Bxd4 Rxd4 22. Qf5+ Kb7 23. Qc5 Nde4 0-1

[Event "Europa ch 2014"]
[Site "Yerevan ARM"]
[Date "2014.03.04"]
[Round "2.53"]
[White "Schachinger, Mario"]
[Black "Sargissian, Gabriel"]
[Result "0-1"]
[WhiteElo "2398"]
[BlackElo "2676"]
[PlyCount "74"]
[EventDate "2014.03.03"]
[EventType "swiss"]
[EventRounds "11"]
[EventCountry "ARM"]
[Source "lmi"]
[SourceDate "2014.03.02"]

1. Nf3 Nf6 2. c4 e6 3. g3 b6 4. d4 Bb7 5. Bg2 g6 6. O-O Bg7 7. b3 O-O 8. Bb2 d5
9. Nc3 Na6 10. Rc1 dxc4 11. bxc4 c5 12. e3 Ne4 13. Nb5 Qe7 14. Qb3 Rfd8 15.
Rfd1 Qf6 16. Ba1 Qf5 17. h3 h5 18. Qb2 g5 19. Qe2 g4 20. hxg4 Qxg4 21. Qf1 Bf6
22. Ne5 Qg7 23. Nc3 Nxc3 24. Bxb7 Nxd1 25. Rxd1 Bxe5 26. dxe5 Nb4 27. Bxa8 Rxa8
28. Qg2 Rc8 29. Qb7 Rf8 30. a3 Qg4 31. Qd7 Nc2 32. Bb2 Nd4 33. Rxd4 cxd4 34.
Bxd4 h4 35. Kg2 h3+ 36. Kh2 Qf3 37. Kxh3 Kg7 0-1

[Event "Europa ch 2014"]
[Site "Yerevan ARM"]
[Date "2014.03.04"]
[Round "2.54"]
[White "Bagaturov, Giorgi"]
[Black "Volokitin, Andrei"]
[Result "1/2-1/2"]
[WhiteElo "2408"]
[BlackElo "2674"]
[PlyCount "68"]
[EventDate "2014.03.03"]
[EventType "swiss"]
[EventRounds "11"]
[EventCountry "ARM"]
[Source "lmi"]
[SourceDate "2014.03.02"]

1. d4 Nf6 2. c4 g6 3. Nf3 Bg7 4. g3 O-O 5. Bg2 d6 6. O-O Nc6 7. Nc3 Bf5 8. Ne1
Re8 9. b3 Ng4 10. e3 e5 11. d5 e4 12. Bb2 Nce5 13. Bxe4 Nxh2 14. Kxh2 Ng4+ 15.
Kg1 Rxe4 16. Nxe4 Bxb2 17. Nd2 Qf6 18. Rb1 Bxb1 19. Qxb1 Re8 20. Ng2 Ba3 21.
Qc2 Bb4 22. Nf4 h5 23. Nd3 Bxd2 24. Qxd2 h4 25. Qe2 Qg5 26. Qf3 Kg7 27. Re1 Rh8
28. Qf4 Qh5 29. gxh4 Qxh4 30. Kf1 Qh5 31. Qg3 Nf6 32. Qf4 Ng4 33. Qg3 Ne5 34.
Nxe5 dxe5 1/2-1/2

[Event "Europa ch 2014"]
[Site "Yerevan ARM"]
[Date "2014.03.04"]
[Round "2.55"]
[White "Gevorgyan, David"]
[Black "Bartel, Mateusz"]
[Result "0-1"]
[WhiteElo "2388"]
[BlackElo "2662"]
[PlyCount "94"]
[EventDate "2014.03.03"]
[EventType "swiss"]
[EventRounds "11"]
[EventCountry "ARM"]
[Source "lmi"]
[SourceDate "2014.03.02"]

1. d4 e6 2. e4 d5 3. Nd2 Nf6 4. e5 Nfd7 5. Ngf3 c5 6. c3 Nc6 7. Bd3 a6 8. O-O
g5 9. Nb3 h6 10. dxc5 Bg7 11. Be3 g4 12. Nfd2 Ndxe5 13. Be2 f5 14. f4 Ng6 15.
Nd4 O-O 16. Qc2 Qe8 17. Bd3 Nce7 18. Ne2 h5 19. Rae1 h4 20. Nb3 Bd7 21. Nbd4
Qf7 22. Qb3 Rab8 23. Bb1 Kh8 24. Nc1 Ng8 25. Nd3 Nf6 26. Ne5 Nxe5 27. fxe5 Ne4
28. Bxe4 dxe4 29. Bf4 Rfc8 30. Qa3 Qe7 31. b4 b6 32. Nb3 Bb5 33. Rf2 Bc4 34.
Nd2 Bd3 35. cxb6 Rxb6 36. Be3 Rbc6 37. Bc5 Rxc5 38. bxc5 g3 39. Rfe2 Bxe2 40.
Rxe2 Qxc5+ 41. Qxc5 Rxc5 42. hxg3 hxg3 43. c4 Bxe5 44. Kf1 Bf4 45. Ke1 Kg7 46.
Kd1 Kf6 47. Kc2 Bxd2 0-1

[Event "Europa ch 2014"]
[Site "Yerevan ARM"]
[Date "2014.03.04"]
[Round "2.56"]
[White "Sanal, Vahap"]
[Black "Khairullin, Ildar"]
[Result "0-1"]
[WhiteElo "2390"]
[BlackElo "2657"]
[PlyCount "94"]
[EventDate "2014.03.03"]
[EventType "swiss"]
[EventRounds "11"]
[EventCountry "ARM"]
[Source "lmi"]
[SourceDate "2014.03.02"]

1. e4 c5 2. Nf3 e6 3. d4 cxd4 4. Nxd4 Nc6 5. Nc3 a6 6. Be3 Nf6 7. f4 Bb4 8. Bd3
e5 9. Nxc6 dxc6 10. a3 Ng4 11. axb4 Nxe3 12. Qf3 exf4 13. g3 Qd6 14. Rg1 Qd4
15. Qf2 f3 16. b5 Qa7 17. bxc6 bxc6 18. Nd1 Ng4 19. Qxa7 Rxa7 20. Ra5 Nxh2 21.
Nf2 f6 22. Rh1 Ng4 23. Nxg4 Bxg4 24. e5 f5 25. Kf2 h5 26. Rxa6 Rxa6 27. Bxa6
Ke7 28. Bc4 Rd8 29. Ke3 g5 30. c3 Rf8 31. Ra1 f4+ 32. gxf4 Rxf4 33. Ra7+ Kf8
34. Ra8+ Kg7 35. Ra7+ Kg6 36. Bd3+ Bf5 37. Bf1 h4 38. Ra8 Kg7 39. Ra7+ Kg6 40.
Ra8 Kh5 41. Kf2 Kg4 42. Rd8 Re4 43. Bd3 Rxe5 44. Rd4+ Kh5 45. Kxf3 Bxd3 46.
Rxd3 g4+ 47. Kg2 g3 0-1

[Event "Europa ch 2014"]
[Site "Yerevan ARM"]
[Date "2014.03.04"]
[Round "2.58"]
[White "Oganian, Miran"]
[Black "Lysyj, Igor"]
[Result "1/2-1/2"]
[WhiteElo "2376"]
[BlackElo "2655"]
[PlyCount "95"]
[EventDate "2014.03.03"]
[EventType "swiss"]
[EventRounds "11"]
[EventCountry "ARM"]
[Source "lmi"]
[SourceDate "2014.03.02"]

1. d4 Nf6 2. c4 e6 3. g3 d5 4. Nf3 Be7 5. Bg2 O-O 6. O-O dxc4 7. Qc2 a6 8. Qxc4
b5 9. Qc2 Bb7 10. Bd2 Be4 11. Qc1 Nc6 12. Be3 Rc8 13. Nbd2 Bd5 14. Nb3 a5 15.
Ne5 Nxe5 16. dxe5 Ng4 17. Rd1 Nxe3 18. Qxe3 c6 19. a4 bxa4 20. Rxa4 Bb4 21.
Bxd5 cxd5 22. Rda1 Ra8 23. Nc1 Rc8 24. Nb3 Rc2 25. Nxa5 Bc5 26. Qd3 Rxb2 27.
Nb3 Qb6 28. Nxc5 Qxc5 29. Ra8 Rbb8 30. Rxb8 Rxb8 31. Rb1 Rf8 32. Kg2 h6 33. Rb7
Qc6 34. Qb3 Qc8 35. Qb4 Qa8 36. Rc7 Qa6 37. e3 Qa8 38. Qd4 Qa6 39. h4 h5 40. e4
Rd8 41. exd5 exd5 42. Kh2 Qe6 43. Rb7 Qg4 44. Qd3 Qc8 45. Rb4 Qc5 46. Rd4 Re8
47. f4 Rd8 48. Qd2 1/2-1/2

[Event "Europa ch 2014"]
[Site "Yerevan ARM"]
[Date "2014.03.04"]
[Round "2.59"]
[White "Socko, Bartosz"]
[Black "Bulmaga, Irina"]
[Result "0-1"]
[WhiteElo "2654"]
[BlackElo "2375"]
[PlyCount "170"]
[EventDate "2014.03.03"]
[EventType "swiss"]
[EventRounds "11"]
[EventCountry "ARM"]
[Source "lmi"]
[SourceDate "2014.03.02"]

1. e4 c5 2. Nf3 d6 3. d4 cxd4 4. Nxd4 Nf6 5. Nc3 a6 6. Be3 e5 7. Nf3 Be7 8. Bc4
O-O 9. O-O Be6 10. Bb3 Nc6 11. Qd3 Rc8 12. Bg5 Na5 13. Rfd1 Nxb3 14. axb3 Rc6
15. Nd2 Nh5 16. Bxe7 Qxe7 17. Nf1 Nf4 18. Qd2 f5 19. Nd5 Bxd5 20. exd5 Rc7 21.
c4 Qg5 22. f3 e4 23. fxe4 fxe4 24. Kh1 e3 25. Nxe3 Re7 26. g3 Nh3 27. Re1 Rf3
28. Qg2 Nf2+ 29. Kg1 Rexe3 30. Rf1 Qh5 31. Rxf2 Rxf2 32. Qxf2 Re2 33. g4 Qxg4+
34. Qg3 Qd4+ 35. Kh1 Qe4+ 36. Kg1 Rxb2 37. Re1 Rg2+ 38. Kf1 Rxg3 39. Rxe4 Rxb3
40. Re6 Rf3+ 41. Ke2 Rf6 42. Re8+ Kf7 43. Rb8 b5 44. Rb7+ Kg6 45. cxb5 axb5 46.
Rxb5 Rf5 47. Ke3 Kf6 48. Ke4 Rh5 49. Rb2 Rh4+ 50. Kf3 Rd4 51. Rb5 h6 52. Kg3 g5
53. h3 Ke5 54. Rb8 Kxd5 55. Rh8 Rh4 56. Rd8 Ke5 57. Re8+ Kd4 58. Re1 d5 59.
Rd1+ Kc5 60. Rc1+ Kb4 61. Rh1 Kc3 62. Kf2 d4 63. Ra1 d3 64. Ra3+ Kc2 65. Ra2+
Kb1 66. Ra6 Rxh3 67. Ke1 Rh2 68. Kd1 Kb2 69. Rc6 h5 70. Rd6 d2 71. Rd3 g4 72.
Rb3+ Ka2 73. Rg3 Rh3 74. Rg1 Rd3 75. Rh1 Rd5 76. Rg1 Kb3 77. Rg3+ Kc4 78. Rg1
Rd3 79. Rh1 Rh3 80. Rg1 Rh2 81. Rg3 Kd4 82. Rd3+ Ke4 83. Ra3 Rf2 84. Ra4+ Kf3
85. Ra3+ Kg2 0-1

[Event "Europa ch 2014"]
[Site "Yerevan ARM"]
[Date "2014.03.04"]
[Round "2.60"]
[White "Kalashian, David"]
[Black "Sjugirov, Sanan"]
[Result "0-1"]
[WhiteElo "2380"]
[BlackElo "2653"]
[PlyCount "92"]
[EventDate "2014.03.03"]
[EventType "swiss"]
[EventRounds "11"]
[EventCountry "ARM"]
[Source "lmi"]
[SourceDate "2014.03.02"]

1. e4 c5 2. Nc3 e6 3. Nf3 a6 4. d4 cxd4 5. Nxd4 b5 6. Be2 Bb7 7. Bf3 Ne7 8. O-O
Ng6 9. Re1 Nc6 10. a4 b4 11. Nxc6 Bxc6 12. Nd5 Bc5 13. c3 bxc3 14. Nxc3 O-O 15.
Be3 Qa5 16. Bxc5 Qxc5 17. Rc1 Rab8 18. b3 Qa3 19. Rb1 Rb6 20. Qc2 Rc8 21. Qb2
Qb4 22. Na2 Qa5 23. b4 Qg5 24. Qc1 Qd8 25. Qa3 Nh4 26. a5 Rbb8 27. Qb3 Nxf3+
28. Qxf3 f5 29. Nc3 Qf8 30. Qd3 fxe4 31. Nxe4 Rxb4 32. Ng5 Rh4 33. h3 Qc5 34.
Qg3 Rb4 35. Rbc1 Rc4 36. Rb1 h6 37. Nf3 Rc3 38. Re5 Qa3 39. Rd1 Rf8 40. Rh5 Qa4
41. Re1 Bxf3 42. Rxh6 Bc6 43. Qxc3 gxh6 44. Qd3 Qf4 45. f3 Qg3 46. Re3 Rxf3 0-1

[Event "Europa ch 2014"]
[Site "Yerevan ARM"]
[Date "2014.03.04"]
[Round "2.61"]
[White "Zvjaginsev, Vadim"]
[Black "Qashashvili, Alexandre"]
[Result "1-0"]
[WhiteElo "2653"]
[BlackElo "2378"]
[PlyCount "105"]
[EventDate "2014.03.03"]
[EventType "swiss"]
[EventRounds "11"]
[EventCountry "ARM"]
[Source "lmi"]
[SourceDate "2014.03.02"]

1. Nf3 Nf6 2. c4 e6 3. Nc3 d5 4. d4 c5 5. cxd5 exd5 6. Bg5 Be7 7. dxc5 O-O 8.
e3 Nc6 9. Be2 Be6 10. O-O Bxc5 11. Rc1 Be7 12. Nd4 Rc8 13. a3 Na5 14. Bd3 Nc4
15. Qe2 Qa5 16. Nxe6 fxe6 17. e4 Ne5 18. exd5 Nxd3 19. Qxd3 Nxd5 20. Bxe7 Nxe7
21. Qd7 Rc7 22. Qxe6+ Kh8 23. Qd6 Rfc8 24. Rcd1 h6 25. Rfe1 Nc6 26. Qe5 a6 27.
h3 Qb6 28. Na4 Qa5 29. Qxa5 Nxa5 30. Nb6 Rf8 31. Rc1 Rxc1 32. Rxc1 Rf6 33. Nd7
Rd6 34. Ne5 Rd5 35. f4 Nb3 36. Rc7 b5 37. Ng6+ Kh7 38. Nf8+ Kh8 39. g4 h5 40.
g5 Nd4 41. Kf2 Rd8 42. Rd7 Rxf8 43. Rxd4 Kh7 44. Kf3 Kg6 45. Rd6+ Kf5 46. Rd5+
Ke6 47. Re5+ Kd6 48. Ke4 Rc8 49. Kf5 Rc2 50. Kg6 Rxb2 51. Kxg7 Rf2 52. g6 Rxf4
53. Rxh5 1-0

[Event "Europa ch 2014"]
[Site "Yerevan ARM"]
[Date "2014.03.04"]
[Round "2.63"]
[White "Beliavsky, Alexander G"]
[Black "Ben Artzi, Ido"]
[Result "1/2-1/2"]
[WhiteElo "2643"]
[BlackElo "2370"]
[PlyCount "31"]
[EventDate "2014.03.03"]
[EventType "swiss"]
[EventRounds "11"]
[EventCountry "ARM"]
[Source "lmi"]
[SourceDate "2014.03.02"]

1. e4 d6 2. d4 Nf6 3. Nc3 g6 4. Nf3 Bg7 5. Be2 O-O 6. O-O a6 7. h3 Nc6 8. Be3
e5 9. dxe5 Nxe5 10. Qd2 Re8 11. Rad1 Be6 12. Bg5 Nxf3+ 13. Bxf3 Qc8 14. b3 Nd7
15. Nd5 Bxd5 16. exd5 1/2-1/2

[Event "Europa ch 2014"]
[Site "Yerevan ARM"]
[Date "2014.03.04"]
[Round "2.64"]
[White "Oleksienko, Mikhailo"]
[Black "Salomon, Johan"]
[Result "1/2-1/2"]
[WhiteElo "2640"]
[BlackElo "2340"]
[PlyCount "101"]
[EventDate "2014.03.03"]
[EventType "swiss"]
[EventRounds "11"]
[EventCountry "ARM"]
[Source "lmi"]
[SourceDate "2014.03.02"]

1. e4 e5 2. Nf3 Nc6 3. Bb5 Nf6 4. d3 d6 5. O-O Bd7 6. c4 g6 7. h3 Bg7 8. Be3
O-O 9. Nc3 Ne7 10. Bxd7 Nxd7 11. d4 exd4 12. Nxd4 Re8 13. Bg5 c6 14. Qd2 Qa5
15. Nde2 Nc8 16. Rfd1 Nc5 17. f3 Qb4 18. b3 a5 19. Rab1 a4 20. Nxa4 Qxd2 21.
Rxd2 Nxa4 22. bxa4 b6 23. Nd4 Rxa4 24. Nxc6 Rxc4 25. Nb8 f5 26. Nd7 fxe4 27.
fxe4 Rexe4 28. Rf1 Rc7 29. Nf6+ Bxf6 30. Rxf6 Rf7 31. Rxf7 Kxf7 32. Rc2 Ne7 33.
Rc7 d5 34. Rb7 Re6 35. Kf2 Ke8 36. Be3 b5 37. Bc5 Nf5 38. Rxb5 Ra6 39. a3 Kd7
40. Bb4 Ke6 41. g4 Nd6 42. Rb8 Ke5 43. Rh8 Ra7 44. Ke2 Ne4 45. Re8+ Kd4 46. Re7
Rxe7 47. Bxe7 Kc4 48. Ke3 Nc3 49. Bf6 Ne4 50. Be7 Nc3 51. Bf6 1/2-1/2

[Event "Europa ch 2014"]
[Site "Yerevan ARM"]
[Date "2014.03.04"]
[Round "2.65"]
[White "Postny, Evgeny"]
[Black "Pavlidis, Anastasios"]
[Result "1-0"]
[WhiteElo "2635"]
[BlackElo "2340"]
[PlyCount "55"]
[EventDate "2014.03.03"]
[EventType "swiss"]
[EventRounds "11"]
[EventCountry "ARM"]
[Source "lmi"]
[SourceDate "2014.03.02"]

1. d4 Nf6 2. c4 g6 3. Nc3 Bg7 4. e4 d6 5. Nf3 O-O 6. h3 e5 7. d5 Nh5 8. Nh2 Qe8
9. Be2 Nf4 10. Bf3 f5 11. g3 fxe4 12. Nxe4 Nxh3 13. Qe2 Qf7 14. Bg4 Bf5 15.
Bxh3 Bxe4 16. Be6 Bxh1 17. Bxf7+ Rxf7 18. Bd2 e4 19. O-O-O Bf3 20. Nxf3 exf3
21. Qe8+ Rf8 22. Qe6+ Rf7 23. Qc8+ Rf8 24. Qxc7 Na6 25. Qxd6 Rac8 26. Qe6+ Kh8
27. Rh1 Rxc4+ 28. Kb1 1-0

[Event "Europa ch 2014"]
[Site "Yerevan ARM"]
[Date "2014.03.04"]
[Round "2.66"]
[White "Vardanian, Hakob"]
[Black "Ivanisevic, Ivan"]
[Result "0-1"]
[WhiteElo "2270"]
[BlackElo "2633"]
[PlyCount "80"]
[EventDate "2014.03.03"]
[EventType "swiss"]
[EventRounds "11"]
[EventCountry "ARM"]
[Source "lmi"]
[SourceDate "2014.03.02"]

1. e4 c5 2. Nf3 e6 3. d3 Nc6 4. g3 g6 5. Bg2 Bg7 6. O-O Nge7 7. c3 O-O 8. Re1
e5 9. a3 d6 10. b4 h6 11. b5 Na5 12. Ra2 f5 13. exf5 Bxf5 14. c4 Rc8 15. Nc3
Qd7 16. Nh4 Bg4 17. Qa4 g5 18. Qxa5 gxh4 19. Qxa7 Bf3 20. Bxf3 Rxf3 21. Re3 Rf7
22. Qa4 Nf5 23. Re4 Rcf8 24. Kg2 h3+ 25. Kg1 Nd4 26. Be3 Nf3+ 27. Kh1 Ng5 28.
Qd1 Nxe4 29. dxe4 Rf3 30. Rd2 Qf7 31. Nd5 Kh7 32. a4 h5 33. Kg1 h4 34. Qc2 Qh5
35. Rd1 Bh6 36. Re1 Qg4 37. Bxh6 hxg3 38. hxg3 Rxg3+ 39. Kh2 Rg2+ 40. Kh1 Rh2+
0-1

[Event "Europa ch 2014"]
[Site "Yerevan ARM"]
[Date "2014.03.04"]
[Round "2.67"]
[White "Tregubov, Pavel V"]
[Black "Manukyan, Sargis V"]
[Result "1-0"]
[WhiteElo "2614"]
[BlackElo "2268"]
[PlyCount "73"]
[EventDate "2014.03.03"]
[EventType "swiss"]
[EventRounds "11"]
[EventCountry "ARM"]
[Source "lmi"]
[SourceDate "2014.03.02"]

1. d4 d5 2. c4 e6 3. Nc3 Be7 4. cxd5 exd5 5. Bf4 c6 6. e3 Bf5 7. Nge2 Nd7 8.
Ng3 Bg6 9. Be2 Ngf6 10. h4 h5 11. Bf3 Nb6 12. Qe2 Bd6 13. O-O Kf8 14. Rfe1 Nc8
15. Bg5 Bxg3 16. fxg3 Nd6 17. b4 Qd7 18. Bxf6 gxf6 19. Rac1 Re8 20. b5 Nf5 21.
bxc6 bxc6 22. Qf2 Qd6 23. e4 dxe4 24. Nxe4 Qxd4 25. Rxc6 Kg7 26. Rd1 Qa4 27.
Nxf6 Rd8 28. Nd7 Qa3 29. Kh2 Ne3 30. Re1 Rhe8 31. Nf6 Re5 32. Nxh5+ Bxh5 33.
Bxh5 Qe7 34. Qf4 Rh8 35. Bxf7 Re4 36. Rxe3 Rxh4+ 37. gxh4 1-0

[Event "Europa ch 2014"]
[Site "Yerevan ARM"]
[Date "2014.03.04"]
[Round "2.68"]
[White "Ramazian, Arshak"]
[Black "Solak, Dragan"]
[Result "0-1"]
[WhiteElo "2336"]
[BlackElo "2610"]
[PlyCount "86"]
[EventDate "2014.03.03"]
[EventType "swiss"]
[EventRounds "11"]
[EventCountry "ARM"]
[Source "lmi"]
[SourceDate "2014.03.02"]

1. e4 c5 2. Nf3 e6 3. Nc3 a6 4. d4 cxd4 5. Nxd4 Qc7 6. g3 Bb4 7. Nde2 Be7 8.
Bg2 Nc6 9. O-O Nf6 10. a4 O-O 11. h3 b6 12. f4 Bb7 13. g4 d5 14. e5 Ne4 15. Be3
Rfd8 16. Nxe4 dxe4 17. Qc1 Rac8 18. c3 Rd3 19. Bxe4 Na5 20. Bxd3 Qc6 21. Kf2
Bh4+ 22. Ng3 Qf3+ 23. Ke1 Bxg3+ 24. Bf2 Qxd3 25. Qd1 Bxf2+ 26. Rxf2 Qxh3 27.
Qe2 Qh1+ 28. Qf1 Qh4 29. Rd1 Qxg4 30. Rd6 Qg3 31. Qd3 Qxd3 32. Rxd3 Bd5 33. Rd4
Nc6 34. Rd3 Ne7 35. Rfd2 h5 36. b3 b5 37. axb5 axb5 38. Rb2 h4 39. Kf2 Nf5 40.
Kg1 Be4 41. Rh3 Kh7 42. c4 bxc4 43. Rc3 Bd5 0-1

[Event "Europa ch 2014"]
[Site "Yerevan ARM"]
[Date "2014.03.04"]
[Round "2.69"]
[White "Volkov, Sergey"]
[Black "Alaverdyan, Gevorg"]
[Result "1-0"]
[WhiteElo "2610"]
[BlackElo "2311"]
[PlyCount "105"]
[EventDate "2014.03.03"]
[EventType "swiss"]
[EventRounds "11"]
[EventCountry "ARM"]
[Source "lmi"]
[SourceDate "2014.03.02"]

1. d4 Nf6 2. c4 e6 3. Nf3 b6 4. g3 Ba6 5. Qa4 Be7 6. Bg2 Bb7 7. O-O O-O 8. Rd1
Qc8 9. Nc3 Ne4 10. Bd2 f5 11. d5 Nxd2 12. Rxd2 Bf6 13. e4 Bxc3 14. bxc3 Na6 15.
exf5 Nc5 16. Qc2 exf5 17. Nd4 g6 18. Nb3 d6 19. Nxc5 bxc5 20. Re2 Qd7 21. Rae1
Rf7 22. Re6 Raf8 23. f4 Bc8 24. R6e3 Qd8 25. Qe2 Qf6 26. h4 h6 27. Kf2 Bd7 28.
Rb1 a6 29. Bf3 Rg7 30. Qd2 Re7 31. Rxe7 Qxe7 32. Qe3 Qg7 33. Rb7 Re8 34. Qc1
Bc8 35. Rb2 Kf8 36. Bd1 Bd7 37. Rb7 Qe7 38. Qd2 Qd8 39. Ra7 Bc8 40. h5 Kg7 41.
Ba4 Bd7 42. Bd1 Bc8 43. Ra8 Qe7 44. hxg6 Kxg6 45. Qe2 Qxe2+ 46. Bxe2 Kf6 47.
Bh5 Rg8 48. Ra7 Rg7 49. a4 Re7 50. Ra8 Bb7 51. Rg8 Rg7 52. Rf8+ Ke7 53. Rb8 1-0

[Event "Europa ch 2014"]
[Site "Yerevan ARM"]
[Date "2014.03.04"]
[Round "2.71"]
[White "Sibashvili, Giorgi"]
[Black "Grigoryan, Avetik"]
[Result "1/2-1/2"]
[WhiteElo "2239"]
[BlackElo "2583"]
[PlyCount "80"]
[EventDate "2014.03.03"]
[EventType "swiss"]
[EventRounds "11"]
[EventCountry "ARM"]
[Source "lmi"]
[SourceDate "2014.03.02"]

1. d4 e6 2. c4 b6 3. Nc3 Bb7 4. Nf3 f5 5. a3 Nf6 6. g3 Be7 7. Bg2 Ne4 8. Qc2
Nxc3 9. Qxc3 O-O 10. O-O a5 11. b3 Bf6 12. Bb2 Be4 13. Rac1 d6 14. Nd2 Bxg2 15.
Kxg2 a4 16. b4 c5 17. Qe3 Qe7 18. Bc3 Nc6 19. dxc5 dxc5 20. Bxf6 Rxf6 21. bxc5
bxc5 22. Rb1 e5 23. Rb6 Raf8 24. Nb1 Nd4 25. Rxf6 Qxf6 26. Nc3 Rb8 27. Qd2 f4
28. f3 Qa6 29. Nb5 Qe6 30. gxf4 Nxb5 31. cxb5 exf4 32. Kf2 Qh6 33. Qd5+ Kh8 34.
Kg1 Qb6 35. Rc1 Qxb5 36. Qxc5 Qe8 37. Rc4 h6 38. Rxf4 Qxe2 39. Rf8+ Rxf8 40.
Qxf8+ Kh7 1/2-1/2

[Event "Europa ch 2014"]
[Site "Yerevan ARM"]
[Date "2014.03.04"]
[Round "2.72"]
[White "Hairapetian, Anna"]
[Black "Shomoev, Anton"]
[Result "0-1"]
[WhiteElo "2188"]
[BlackElo "2581"]
[PlyCount "64"]
[EventDate "2014.03.03"]
[EventType "swiss"]
[EventRounds "11"]
[EventCountry "ARM"]
[Source "lmi"]
[SourceDate "2014.03.02"]

1. e4 c5 2. Nf3 d6 3. Bb5+ Nd7 4. O-O Ngf6 5. Re1 a6 6. Bd3 g6 7. c3 Bg7 8. Bc2
O-O 9. d4 e5 10. dxe5 dxe5 11. c4 b5 12. Qe2 b4 13. Nbd2 Nh5 14. g3 f5 15. exf5
gxf5 16. Nf1 e4 17. Ng5 Ndf6 18. Be3 Qc7 19. Nh3 Ng4 20. Rad1 Bxb2 21. Nf4 Nxe3
22. fxe3 Nxf4 23. gxf4 Bc3 24. Nd2 Kh8 25. Kh1 Rg8 26. Rf1 Be6 27. Rf2 Rad8 28.
Bb3 Qg7 29. Rff1 Bf7 30. Rg1 Qh6 31. Rxg8+ Rxg8 32. Rg1 Rd8 0-1

[Event "Europa ch 2014"]
[Site "Yerevan ARM"]
[Date "2014.03.04"]
[Round "2.73"]
[White "Matevosyan, Sedrak"]
[Black "Bok, Benjamin"]
[Result "0-1"]
[WhiteElo "2213"]
[BlackElo "2575"]
[PlyCount "74"]
[EventDate "2014.03.03"]
[EventType "swiss"]
[EventRounds "11"]
[EventCountry "ARM"]
[Source "lmi"]
[SourceDate "2014.03.02"]

1. d4 Nf6 2. Nf3 g6 3. c4 Bg7 4. Nc3 d5 5. Bg5 Ne4 6. Bh4 Nxc3 7. bxc3 dxc4 8.
e3 b5 9. a4 c6 10. Qb1 a6 11. Be2 Nd7 12. Nd2 Nb6 13. Bf3 Nd5 14. Qb2 O-O 15.
O-O Ra7 16. Ne4 Qc7 17. Nc5 Nb6 18. Ra3 e5 19. Rfa1 Nxa4 20. Nxa4 bxa4 21. Rxa4
Be6 22. Rxa6 Rxa6 23. Rxa6 Rb8 24. Qa2 exd4 25. exd4 Qf4 26. h3 Qxh4 27. Bxc6
Qf4 28. Ra8 Rxa8 29. Qxa8+ Bf8 30. Qa5 Qc1+ 31. Kh2 Qf4+ 32. Kg1 Qc1+ 33. Kh2
Qe1 34. Qd8 Qxf2 35. d5 Bf5 36. Qf6 Qf4+ 37. Kh1 Bd6 0-1

[Event "Europa ch 2014"]
[Site "Yerevan ARM"]
[Date "2014.03.04"]
[Round "2.75"]
[White "Ter-Sahakyan, Samvel"]
[Black "Pavlidou, Ekaterini"]
[Result "1-0"]
[WhiteElo "2572"]
[BlackElo "2188"]
[PlyCount "97"]
[EventDate "2014.03.03"]
[EventType "swiss"]
[EventRounds "11"]
[EventCountry "ARM"]
[Source "lmi"]
[SourceDate "2014.03.02"]

1. e4 c5 2. Nf3 d6 3. d4 cxd4 4. Nxd4 Nf6 5. Nc3 g6 6. g3 Bg7 7. Bg2 O-O 8. O-O
a6 9. a4 Qc7 10. h3 Nc6 11. Nde2 Nb4 12. Be3 Be6 13. a5 Nd7 14. Ra4 Nc6 15. Qa1
Nce5 16. Nf4 Rac8 17. Ncd5 Bxd5 18. Nxd5 Qd8 19. Bg5 f6 20. Be3 e6 21. Nf4 Qe7
22. Qa2 Rfe8 23. c3 Qf7 24. Rd1 Bf8 25. Rad4 g5 26. Ne2 g4 27. hxg4 Nxg4 28.
Bc1 Qh5 29. Nf4 Qh2+ 30. Kf1 Nde5 31. Ke2 Nxf2 32. Kxf2 Ng4+ 33. Kf3 Ne5+ 34.
Kf2 Ng4+ 35. Ke2 Qxg3 36. Rf1 Ne5 37. Bf3 Bh6 38. Nh5 Qg6 39. Nf4 Qg3 40. Bh5
Kh8 41. Kd1 Re7 42. Bd2 Qh2 43. Be2 Rg8 44. Rxd6 Ree8 45. Qa4 Rd8 46. Qd4 Rxd6
47. Qxd6 Qh4 48. Qxe6 Rd8 49. Nd5 1-0